| 000 | 00642cam a2200205 4500 | ||
|---|---|---|---|
| 001 | D8422 | ||
| 008 | 090401t1969 xxu||||| |||| 00| 0 eng d | ||
| 035 | _a(Sirsi) u12907 | ||
| 041 | _aeng | ||
| 050 | _a692.3095125 | ||
| 110 |
_aRoyal Institution of Chartered Surveyors _bHong Kong Branch _91269 |
||
| 245 | _aStandard method of measurement of building works for use in Hong Kong, issued by the RICS and the Building Contractors` Association of Hong Kong | ||
| 250 | _a2nd | ||
| 260 |
_aHong Kong _bRICS/BCAHK _c1969 |
||
| 300 | _aiv. 60p. 28cm | ||
| 350 | _a0 | ||
| 520 | _aFiled at SMM 1969/1BC | ||
| 942 | _n0 | ||
| 948 | _c04/03/1997 | ||
| 999 |
_c87039 _d87039 |
||